| 000 | 00612nam a2200181Ia 4500 | ||
|---|---|---|---|
| 008 | 090124s9999 xx 000 0 und d | ||
| 082 | _b123256 | ||
| 100 | _aमोहाडीकर लिना | ||
| 245 | _a कामविश्व अविवाहितांचे | ||
| 250 | _a1 | ||
| 260 | _c1989 | ||
| 300 | _a160 | ||
| 600 | _aमोहाडीकर लिना | ||
| 630 | _a कामविश्व अविवाहितांचे | ||
| 700 | _aमोहाडीकर लिना | ||
| 730 | _a कामविश्व अविवाहितांचे | ||
| 942 | _cBOOK | ||
| 999 |
_c169342 _d169342 |
||